书目信息 |
| 题名: |
钢结构
|
|
| 作者: | 本手册编委会 编 | |
| 分册: | ||
| 出版信息: | 北京 中国计划出版社 2008年12月 |
|
| 页数: | 782页 | |
| 开本: | 大16开 | |
| 丛书名: | ||
| 单 册: | ||
| 中图分类: | TU391 | |
| 科图分类: | ||
| 主题词: | ||
| 电子资源: | ||
| ISBN: | 978-7-80242-262-9 | |
| 000 | 00958nam0 2200229 450 | |
| 001 | 3498 | |
| 005 | 20160927091241.37 | |
| 010 | @a978-7-80242-262-9@b精装@dCNY100 | |
| 092 | @aCN@b0002838486 | |
| 100 | @a20081229d2008 em y0chiy0110 ea | |
| 101 | 0 | @achi |
| 102 | @aCN@b110000 | |
| 105 | @ay z 000yy | |
| 200 | 1 | @a钢结构@f本手册编委会编@AGang Jie Gou |
| 210 | @a北京@c中国计划出版社@d2008年12月 | |
| 215 | @a782页@d大16开 | |
| 330 | @a本书基于近年来的工程设计、施工经验和研究成果,并根据现行的国家规范和技术规程编写,目的是为广大钢结构设计人员的设计工作、土建施工人员的现场施工管理以及科研教学人员的教学研究工作,提供一本实用的标准、规范和常用资料的速查工具书。本书的特点是将各类有关钢结构的标准规范整理并归纳,以方便读者查阅。 | |
| 333 | @a钢结构设计、施工和科研人员,高等院校土木工程专业师生 | |
| 690 | @aTU391@v4 | |
| 701 | 0 | @a本手册编委会@4编@ABen Shou Ce Bian Wei Hui |
| 801 | 0 | @aCN@b唐山师范学院图书馆@c20151001 |
| 905 | @aZUCC@dTU391@e833 | |
| 钢结构/本手册编委会编.-北京:中国计划出版社,2008年12月 |
| 782页;大16开 |
| 使用对象:钢结构设计、施工和科研人员,高等院校土木工程专业师生 |
| ISBN 978-7-80242-262-9(精装):CNY100 |
| 本书基于近年来的工程设计、施工经验和研究成果,并根据现行的国家规范和技术规程编写,目的是为广大钢结构设计人员的设计工作、土建施工人员的现场施工管理以及科研教学人员的教学研究工作,提供一本实用的标准、规范和常用资料的速查工具书。本书的特点是将各类有关钢结构的标准规范整理并归纳,以方便读者查阅。 |
| ● |
| 相关链接 |
|
|
|
|
正题名:钢结构
索取号:TU391/833
 
预约/预借
| 序号 | 登录号 | 条形码 | 馆藏地/架位号 | 状态 | 备注 |
| 1 | 905448 | 209054486 | 第二样本阅览室/ [索取号:TU391/833] | 在馆 | |
| 2 | 905449 | 209054495 | 第三借阅区/ [索取号:TU391/833] | 在馆 | |
| 3 | 905450 | 209054501 | 第三借阅区/ [索取号:TU391/833] | 在馆 | |
| 4 | 905451 | 209054510 | 第三借阅区/ [索取号:TU391/833] | 在馆 | |
| 5 | 905452 | 209054529 | 第三借阅区/ [索取号:TU391/833] | 在馆 |